Culturas juveniles: teoría, historia y casos /
Guardado en:
| Autor principal: | |
|---|---|
| Otros Autores: | , , |
| Formato: | Libro |
| Lenguaje: | Spanish |
| Publicado: |
San José, C. R. :
FLACSO,
2005
|
| Colección: | Cuaderno de Ciencias Sociales,
136 |
| Materias: | |
| Etiquetas: |
Agregar Etiqueta
Sin Etiquetas, Sea el primero en etiquetar este registro!
|
MARC
| LEADER | 00000nam a2200000Ia 4500 | ||
|---|---|---|---|
| 008 | 180606b2005 cr ||||| |||| 00| | spa d | ||
| 999 | |c 1123 |d 1123 | ||
| 020 | |a 1409-3677 | ||
| 090 | |a 05.01.01 |b 1555 | ||
| 100 | |a Carballo Villagra, Priscilla |9 3734 |e Compilador/a | ||
| 245 | 1 | 0 | |a Culturas juveniles: teoría, historia y casos / |c Priscilla Carballo Villagra; Onésimo G. Rodríguez Aguilar; Mario Castañeda; Mario Zúñiga Núñez (comp.) |
| 260 | |a San José, C. R. : |b FLACSO, |c 2005 | ||
| 300 | |a 79 páginas | ||
| 490 | |a Cuaderno de Ciencias Sociales, |v 136 | ||
| 650 | 1 | 4 | |a CIENCIAS SOCIALES |9 276 |
| 650 | 1 | 4 | |a CULTURA |9 378 |
| 650 | 1 | 4 | |a JUVENTUD |9 476 |
| 700 | |a Rodríguez Aguilar, Onésimo G. |9 3735 |e Compilador/a | ||
| 700 | |a Castañeda, Mario |9 3736 |e Compilador/a | ||
| 700 | 1 | |a Zúñiga Núñez, Mario |e Compilador/a |9 2799 | |
| 942 | |i 002650 |h 05.01.01 1555 |2 z |c 01 | ||
